000 00699nam a22002297a 4500
005 20150605123652.0
008 150417b xxu||||| |||| 00| 0 eng d
010 _aENG-112727
020 _c295.00
_a9789381335338
035 _aEN-96259
037 _bDBAD / PUB
040 _adpl
_bEnglish
082 _a005.73
100 _aGupta, Hitesh
245 _aData structure using 'C' /
_cby Hitesh Gupta
250 _arev.ed
260 _aNew Delhi
_bInternational Book House
_c2013
270 _a2/42, Ansar Road, Darya Ganj
_bNew Delhi
_e110002
300 _a272p.
_c24cm(pbk)
500 _aIncludes bibliographical references and index
942 _2ddc
_cEN
_mGUP
_h005.73
999 _c93040
_d93040